| 000 | 00775cam a2200229 4500 | ||
|---|---|---|---|
| 001 | sa 68016325 | ||
| 003 | DLC | ||
| 005 | 20260227112653.0 | ||
| 008 | 700709s1964 ii a 00010 eng | ||
| 010 | _asa 68016325 //r85 | ||
| 025 | _aPL480:I-E-10195 | ||
| 050 | 0 |
_aHN690.G8 _bD39 |
|
| 100 | 1 | 0 | _aDesai, Ishwarlal Pragji. |
| 245 | 1 | 4 |
_aThe patterns of migration and occupation in a South Gujarat village, _cby Ishvarlal Pragji Desai. |
| 250 | _a[1st ed.] | ||
| 260 | 0 |
_aPoona, _bDeccan College Postgraduate and Research Institute, _c1964. |
|
| 300 |
_a166 p. _billus. _c23 cm. |
||
| 350 | _a15.00 | ||
| 440 | 0 |
_aDeccan College building centenary and silver jubilee series ; _v19 |
|
| 650 | 0 |
_aVillages _zIndia _zGujarat _xCase studies. |
|
| 650 | 0 |
_aCaste _zIndia _zGujarat. |
|
| 999 |
_c87030 _d87030 |
||